000 00363 a2200145 4500
001 169971
020 _a
040 _cMagnum
100 _aSociedade Brasileira de Quimica
240 1 0 _aQuimica nova - novembro/dezembro - v.20 - n.6
_lpor
245 1 0 _aQuimica nova - novembro/dezembro - v.20 - n.6
362 0 _a1899
697 _aPARADIDATICO
942 _cBK
999 _c169971
_d169971